| 000 | 00546nam a2200193Ia 4500 | ||
|---|---|---|---|
| 003 | LK-CoDNM | ||
| 008 | 010623t1975 xxu||||| |||| 00| 1 sin d | ||
| 040 |
_aLK-CoDNM _dLK-CoDNM _eLK-CoDNM |
||
| 041 | _asin | ||
| 080 |
_a(x)398.4 _bKAR |
||
| 100 | _aKariyawasam, Thissa | ||
| 245 | _aරට යකුම හෙවත් රිද්දි යාගය | ||
| 246 | _aRata yakuma hevath riddi yaagaya | ||
| 260 |
_bPradeepa prakaashakayoo _aColombo _c1975 |
||
| 300 | _b64, 21.5 cm | ||
| 650 | _aCulture | ||
| 650 | _aFolklore | ||
| 942 | _cBK | ||
| 999 |
_c109681 _d109681 |
||